000 00904nam a2200301Ia 4500
003 OSt
005 20221007123829.0
006 a|||||r|||| 00| 0
007 ta
008 221006b |||||||| |||| 00| 0 eng d
020 _a1403930295 (pbk)
_cRs.1345.00
024 _a80027
037 _b092, 31/12/2007, Dhanraj Book House
_cTextual
040 _aCDL
_cCDL
_beng
041 _2eng
_aeng
082 _aE:2, M5;P6.4 Carc
100 _aKapoor K L
_9525196
245 0 _aTextbook of physical chemistry
250 _a3
260 _aDelhi
_bMacmillan India Ltd
_c2006
300 _axiv, 708p.
_ccm.
490 _vv 4
500 _aAppendix I-II, 697-702p.; Index 703-708p.
650 _a Physical chemistry
_9192709
650 _aChemistry
942 _hE:2, M5;P6.4 Carc
_cTEXL
_2CC
999 _c1212547
_d1212547